[Event "SVK-ch U12"]
[Site "Tatralandia"]
[Date "2025.05.13"]
[Round "4"]
[White "Rozboril, Alex"]
[Black "Mitter, Alex"]
[Result "1-0"]
[WhiteElo "1733"]
[BlackElo "1540"]
[PlyCount "79"]
[EventDate "2025.05.11"]
[EventType "swiss"]
[EventRounds "9"]
[EventCountry "SVK"]
[SourceTitle "CB21_2025"]
[SourceDate "2025.05.21"]
[SourceVersion "1"]
[SourceVersionDate "2025.05.21"]
[SourceQuality "1"]

1. e4 e6 2. d3 d5 3. Nd2 Bd6 4. g3 Nf6 5. Ngf3 dxe4 6. dxe4 Nc6 7. Bg2 0-0 8. 0-0 b6 9. e5 Nxe5 10. Nxe5 Bxe5 11. Bxa8 Ba6 12. Re1 Bxg3 13. hxg3 Qxa8 14. b3 Rd8 15. f3 Qd5 16. Bb2 Qxd2 17. Qxd2 Rxd2 18. Rad1 Rxd1 19. Rxd1 Kf8 20. Bxf6 gxf6 21. Rd8+ Ke7 22. Ra8 Bb7 23. Rxa7 Bxf3 24. Rxc7+ Ke8 25. Rc8+ Ke7 26. Rb8 Be4 27. c4 Bb1 28. a4 Ba2 29. Rxb6 f5 30. c5 Kd7 31. c6+ Kc7 32. a5 Bb1 33. b4 e5 34. b5 e4 35. Kf2 h5 36. Rb7+ Kc8 37. a6 h4 38. a7 hxg3+ 39. Kg2 f4 40. a8R# 1-0

[Event "SVK-chT U12 rapid"]
[Site "Poprad"]
[Date "2025.05.02"]
[Round "2.11"]
[White "Pituch, David"]
[Black "Mitter, Alex"]
[Result "1-0"]
[WhiteElo "1451"]
[BlackElo "1517"]
[PlyCount "155"]
[EventDate "2025.05.02"]
[EventType "team-swiss (rapid)"]
[EventRounds "7"]
[EventCountry "SVK"]
[SourceTitle "CB19_2025"]
[SourceDate "2025.05.07"]
[SourceVersion "1"]
[SourceVersionDate "2025.05.07"]
[SourceQuality "1"]

1. e4 e6 2. d4 d5 3. e5 c5 4. Nf3 Nc6 5. Nc3 Qb6 6. Bb5 Nge7 7. 0-0 Bd7 8. Be3 Nf5 9. dxc5 Bxc5 10. Bxc5 Qxc5 11. Bd3 Nfe7 12. Re1 h6 13. Ne2 Nb4 14. a3 Nxd3 15. Qxd3 0-0 16. Nf4 Bb5 17. Qd2 Rac8 18. c3 Rfd8 19. Rac1 Bc4 20. Nd4 Nc6 21. Ndxe6 fxe6 22. Nxe6 Qe7 23. Nxd8 Rxd8 24. Qf4 Rf8 25. Qe3 Qe6 26. Rcd1 b6 27. Rb1 Bb3 28. Rbc1 Rf5 29. f4 Ne7 30. Qh3 Qg6 31. Qe3 Rf8 32. h3 Bc2 33. g4 Qe4 34. Qxe4 Bxe4 35. f5 h5 36. Rcd1 hxg4 37. hxg4 Kf7 38. c4 Rh8 39. Kf2 Rh2+ 40. Kg3 Rxb2 41. cxd5 Bxd5 42. e6+ Kf6 43. Rd3 Rg2+ 44. Kh3 Rc2 45. Rg1 g5 46. Kg3 Rc4 47. Rd2 Rc3+ 48. Kf2 Rxa3 49. Rg3 Rxg3 50. Kxg3 a5 51. Rb2 Nc8 52. Rb5 Bc6 53. Rb1 b5 54. Rc1 Bb7 55. Rc7 Bd5 56. Rxc8 b4 57. Rc5 Ba2 58. Rxa5 b3 59. Ra7 b2 60. Rf7+ Ke5 61. e7 b1Q 62. e8Q+ Kd4 63. Rd7+ Bd5 64. Qh8+ Kc4 65. Qc8+ Kd4 66. Qh8+ Kc4 67. Rc7+ Kd3 68. Qc3+ Ke4 69. Re7+ Be6 70. Rxe6+ Kd5 71. Qc6+ Kd4 72. Rd6+ Ke3 73. Re6+ Kd4 74. Qd6+ Kc4 75. Qc7+ Kd5 76. Qd7+ Kc5 77. Rc6+ Kb5 78. Qb7+ 1-0